Entry Personal Name
Number of records used in: 3
001 - CONTROL NUMBER
003 - CONTROL NUMBER IDENTIFIER
005 - DATE AND TIME OF LATEST TRANSACTION
- control field:
20160526112026.0
008 - FIXED-LENGTH DATA ELEMENTS
- fixed length control field:
160526|| aca||aabn | a|a d
040 ## - CATALOGING SOURCE
- Original cataloging agency:
OSt
- Transcribing agency:
OSt
100 ## - HEADING--PERSONAL NAME
- Personal name:
vohra, N.D. & Bagri B.R.
670 ## - SOURCE DATA FOUND
- Source citation:
Work cat.: (OSt): vohra, N.D. & Bagri B.R., Futures and Options, 2004